000 00626nam a2200181Ia 4500
003 GCL
008 140319s9999 xx 000 0 ara d
040 _aGCL /
_cGCL
082 0 4 _a811.082
_bع ص
100 1 _aعبدالعزيز المقالح
245 1 0 _aصدمة الحجارة : دراسة فى قصيدة الانتفاضة /
_cعبدالعزيز المقالح
300 _a279 ص
490 _aكتاب
_v0
650 0 4 _aالشعر العربى - تاريخ ونقد
650 0 4 _aالشعر العربى - العصر الحديث
650 0 4 _aالشعر السياسى - تاريخ ونقد
942 _2ddc
_cBK
999 _c41834
_d41834